00874 2200313 4500001002100000005001500021035002000036007000300056040001700059100002800076245005900104250001000163300003500173504002900208020002200237041000800259082001600267084001600283090002000299264003700319336002100356337003000377338002300407500002900430651002500459850001000484008004100494990002500535INLIS00000000000995920260410093115 a0010-0123000286ta aSBPUPADbind0 aAli AbdullahePengarang1 aPanduan Muslimah Saat Haid Dan Nifas /cAli Abdullah.; aCet.1 aviii 154 hlm :bilus. ;c19 cm aDaftar Pustaka, hlm 151 a978-979-1149-44-007aind a297.3 ALI p a297.3 ALI p a297.3 ALI p 2-2 aYogyakarta :bQudsi Media,c2018 2rdacontentaTeks 2rdamediaatanpa perantara 2rdacarrieravolume aBiodata Penulis, hlm 153 42Panduan Muslimaha-- aPUPAD260410 0  a31.596/APBD/DPK/2019